Normal view
MARC view
- Bent, R.W
Entry Personal Name
001 - CONTROL NUMBER
- control field: 7764
003 - CONTROL NUMBER IDENTIFIER
- control field: OSt
005 - DATE AND TIME OF LATEST TRANSACTION
- control field: 20250823151135.0
008 - FIXED-LENGTH DATA ELEMENTS
- fixed length control field: 250823|| aca||aabn | a|a d
040 ## - CATALOGING SOURCE
- Original cataloging agency: OSt
- Transcribing agency: OSt
100 ## - HEADING--PERSONAL NAME
- Personal name: Bent, R.W
670 ## - SOURCE DATA FOUND
- Source citation: Work cat.: (OSt)8814: Bent, R.W ., Automobile maintenance / , 1963.
